000
00253nam a2200109Ia 4500
008
200302s9999 xx 000 0 und d
100
_a
V K Ahluwalia
245
_a
Environment Studies 2nd ed.
260
_b
Teri pub
260
_c
2016
300
_a
251 P.,
999
_c
4005
_d
4005